Pays de l'afrique - Statistiques

Statistiques générales
  • Ce quiz a été pris 546 fois
  • Le résultat moyen est 11 sur 19
Answers on the Grid
Answers color-coded by a green-red scale on the quiz's grid according to % correct below.
Maroc
Kenya
Djimouti
Palaos
Soa tamo
Cameroun
Seychelles
Jordanie
Syrie
Tunisie
Cote d'ivoire
Lesotho
Liberia
Mozambique
Madagascar
Bolivie
Timor
Maldives
Maurice
Senegal
Libye
Congo
Guinée
Benin
Angola
Brunei
Burundi
Ouganda
Nepal
Kosovo
 
Statistiques - réponses
Réponse % Correct
Maroc
96%
Kenya
91%
Cameroun
71%
Tunisie
63%
Cote d'ivoire
62%
Madagascar
59%
Senegal
58%
Mozambique
57%
Congo
56%
Liberia
56%
Ouganda
56%
Angola
55%
Benin
54%
Lesotho
54%
Seychelles
54%
Guinée
53%
Libye
52%
Burundi
51%
Maurice
45%
Aucun quiz correspondant
Distribution des résultats
% des personnes avec chaque résultat
Percentile par nombre de réponses
Votre historique - résultats
Vous n’avez pas pris ce quiz